| 000 | 01240cam a22003497i 4500 | ||
|---|---|---|---|
| 001 | 17298277 | ||
| 003 | OSt | ||
| 005 | 20250205113156.0 | ||
| 008 | 120515s2012 sz b 001 0 eng | ||
| 010 | _a 2012311387 | ||
| 020 | _a9789966150622 (Zapf) | ||
| 020 | _z9780825415696 (WCC) | ||
| 040 |
_aDLC _beng _cDLC _erda |
||
| 042 | _alcode | ||
| 050 | 0 | 0 | _aMLCS 2016/44740 (R) |
| 082 |
_a362.5 _bEZR |
||
| 245 | 0 | 0 |
_aRedemptive masculinities : _bmen, HIV, and religion / _cEzra Chitando and Sophie Chirongoma, editors. |
| 264 | 1 |
_aGeneva, Switzerland : _bWorld Council of Churches Publications ; _a[Nairobi] : _bZapf Chancery Publishers Africa [Distributor], _c2012. |
|
| 264 | 4 | _c©2012 | |
| 300 |
_axvi, 565 pages. ; _c21 cm. |
||
| 336 |
_atext _2rdacontent |
||
| 337 |
_aunmediated _2rdamedia |
||
| 338 |
_avolume _2rdacarrier |
||
| 490 | 0 | _aEHAIA series | |
| 504 | _aIncludes bibliographical references (p. 491-552) and index. | ||
| 700 | 1 | _aChitando, Ezra. | |
| 700 | 1 | _aChirongoma, Sophie. | |
| 710 | 2 | _aWorld Council of Churches. | |
| 906 |
_a7 _bcbc _corignew _d4 _encip _f20 _gy-gencatlg |
||
| 942 |
_2ddc _cBK |
||
| 999 |
_c4090 _d4090 |
||